000 01957nam a2200349 a 4500
003 CHAP
005 20230830113046.0
007 ta
008 230829s2012 mx d|||frm||| 001 0 spa d
020 _a978-607-8285-03-7
040 _amxchpua
_cCHAP
_erda
050 1 0 _aJF1525.C59
_b.L46 2012
082 0 0 _a302.35
_bL46 2012
_220
100 1 0 _9187824
_aLeón Vázquez, Salvador de
_eautor
245 1 0 _aComunicación pública y transición política :
_blos rasgos de lo global en el periodismo local. Un estudio situado /
_cSalvador de León Vázquez
250 _a1a edición
264 _aMéxico :
_bUniversidad Autónoma de Aguascalientes,
_c2012
300 _a209 páginas :
_bdiagramas, gráficas
336 _2rdacontent
_atexto
_btxt
337 _2rdamedia
_asin medio
_bn
338 _2rdacarrier
_avolumen
_bnc
500 _aEl documento es una tesis doctoral.
504 _aBibliografía: páginas 177-192
520 2 _aEn la actualidad, las dinámicas mediante las cuales interactúan los actores de lo público conforman una compleja red de relaciones y prácticas que definen la configuración de un espacio de participación y visibilidad: la comunicación pública. En este libro se analiza cómo el proceso de transición política que actualmente vivimos en México conjugado con la incorporación a una economía global de mercado y a la presencia de una sociedad civil cada vez más fortalecida han ocasionado que, desde mediados de la década de 1990, la configuración de la comunicación pública sufra transformaciones relevantes, entre ellas, la incorporación de rasgos de lo global que se hibridan con las prácticas locales.
650 1 4 _926215
_aComunicación en la administración
650 1 7 _995824
_aRelaciones públicas
650 1 7 _987175
_aPeriodismo
_zMéxico
650 1 0 _9187833
_aCommunication in management
650 1 0 _9187835
_aPublic relations
650 1 0 _9187807
_aJournalism
_zMexico
942 _2ddc
_cLibro
999 _c219128
_d219128